ਸੜਕਨਾਮਾ : (Record no. 110398)

MARC details
000 -LEADER
fixed length control field 00998nam a22002537a 4500
005 - DATE AND TIME OF LATEST TRANSACTION
control field 20170123164152.0
010 ## - LIBRARY OF CONGRESS CONTROL NUMBER
LC control number B-109172
020 ## - INTERNATIONAL STANDARD BOOK NUMBER
Terms of availability 150.00
035 ## - SYSTEM CONTROL NUMBER
System control number B-109172
037 ## - SOURCE OF ACQUISITION
Source of stock number/acquisition Cen Lib / Ret
040 ## - CATALOGING SOURCE
Original cataloging agency DPL
Language of cataloging PN
082 ## - DEWEY DECIMAL CLASSIFICATION NUMBER
Classification number 850.8
Item number ਬਲਦੇ
100 ## - MAIN ENTRY--PERSONAL NAME
Personal name ਬਲਦੇਵ ਸਿੰਘ ਸੜਦਨਾਮਾ
9 (RLIN) 51904
245 ## - TITLE STATEMENT
Title ਸੜਕਨਾਮਾ :
Statement of responsibility, etc ਬਲਦੇਵ ਸਿੰਘ ਸੜਦਨਾਮਾ
Remainder of title ਵਾਰਤਕ /
246 ## - VARYING FORM OF TITLE
Title proper/short title Sadaknama : fiction /
Remainder of title by Baldev Singh Sadanama
260 ## - PUBLICATION, DISTRIBUTION, ETC. (IMPRINT)
Place of publication, distribution, etc ਲੁਧਿਆਣਾ
Name of publisher, distributor, etc ਚੇਤਨਾ ਪ੍ਰਕਾਸ਼ਨ
Date of publication, distribution, etc 2004
270 ## - ADDRESS
Address ਪੰਜਾਬੀ ਭਵਨ
City ਲੁਧਿਆਣਾ
300 ## - PHYSICAL DESCRIPTION
Extent 301p.
Dimensions 21cm(pbk)
650 ## - SUBJECT ADDED ENTRY--TOPICAL TERM
Topical term or geographic name as entry element ਪੰਜਾਬੀ ਸਾਹਿਤ
9 (RLIN) 128528
650 ## - SUBJECT ADDED ENTRY--TOPICAL TERM
Topical term or geographic name as entry element ਪੰਜਾਬੀ ਕਹਾਣੀਆਂ
9 (RLIN) 128529
650 ## - SUBJECT ADDED ENTRY--TOPICAL TERM
Topical term or geographic name as entry element Punjabi Literature -- Fiction
9 (RLIN) 9827
650 ## - SUBJECT ADDED ENTRY--TOPICAL TERM
Topical term or geographic name as entry element ਪੰਜਾਬੀ ਸਾਹਿਤ
9 (RLIN) 128530
942 ## - ADDED ENTRY ELEMENTS (KOHA)
Source of classification or shelving scheme Dewey Decimal Classification
Koha item type Punjabi Bks
Classification part 850.8
Call number suffix ਬਲਦੇ
Holdings
Withdrawn status Lost status Damaged status Not for loan Home library Current library Date acquired Source of acquisition Cost, normal purchase price Total Checkouts Total Renewals Full call number Barcode Date last seen Date checked out Copy number Cost, replacement price Price effective from Koha item type
        Central Library Central Library 21/01/2016 Cen Lib/Ret 150.00 4 3 850.8 ਬਲਦੇ B-109172 15/03/2022 29/01/2022 1 150.00 21/01/2016 Punjabi Bks

© Delhi Public Library
Hit Counter
free hit counter